00926 2200325 4500001002100000005001500021035002000036007000300056040001700059100003300076245010500109250001100214300002500225504002500250020001800275041000800293082001000301084001600311090001600327264004600343336002100389337003000410338002300440500003000463500002000493650001400513850001000527008004100537990002200578INLIS00000000001339920260415014612 a0010-0725000158ta aSBPUPADbind0 aAdi Suryadi CullaePengarang1 aMasyarakat Madani Pemikiran, Teori dan Relevansinya dengan Cita-Cita Reformasi /cAdi Suryadi Culla aCet. 2 axv, 242 hlm ;c21 cm aBibliografi, hlm 225 a979-421-718-2 aind a321.4 a321.4 ADI m a321.4 ADI m aJakarta :bPT RajaGrafindo Persada,c1999 2rdacontentaTeks 2rdamediaatanpa perantara 2rdacarrieravolume aBiografi penulis, hlm 241 aIndeks, hlm 231 4aDemokrasi aPUPAD260415 0  a37.536/H/DPK/2023